000 01214nam0a22002411 4500
001 rc\2606347
005 20230427130935.0
035 _a(NLR Aleph) 006770342
090 _a5937894
_c5937894
100 _a20110914d1930 |||y0rusy50 ca
101 0 _arus
102 _aRU
105 _ay z |||||
200 1 _aИЗО на службе массовых компаний
_eИзооформление решений XVI партсъезда в период хлебозаготовительной и осенне-посевной кампаний
_fН. Масленников
_gЦентр. дом самодеятельного исскусства города и деревни им. Н. К. Крупской. Центр. штаб по худож. обслуживанию массовых кампаний
210 _aМосква
_aЛенинград
_cЗемля и фабрика
_d1930
_g8-я тип. "Мосполиграф"
215 _a35, [2] с., [2] с. объявл.
_d17х12 см.
700 1 _aМаслеников
_bН. Н.
_gНиколай Николаевич
801 0 _aRU
_bNLR
_gpsbo
801 1 _aRU
_bELAR
_2rusmarc
852 _aNLR
_j30.8/6581
942 _cBOOK
980 _aNB